|
|
|
|
| LEADER |
00000nac a22000007a 4500 |
| 003 |
Ucuenca |
| 005 |
20230308225342.0 |
| 008 |
170919b1979 sp ||||| |||| 00| 0 spa d |
| 999 |
|
|
|c 152300
|d 152300
|
| 040 |
|
|
|b spa
|a UCuenca-cdrjbv
|c UCuenca
|e rda
|
| 041 |
1 |
|
|a spa
|
| 082 |
0 |
|
|a 155.4
|
| 100 |
1 |
|
|a Vygotski, Lev S.
|d 1896-1934
|9 209982
|
| 245 |
|
3 |
|a El desarrollo de los procesos psicológicos superiores
|c Lev S. Vygotski; ed. al cuidado de Michael Cole, Vera John-Steiner, Sylvia Scriner y Ellen Souberman, nota biográfica de A. R. Luria
|
| 264 |
|
|
|a Barcelona
|b Crítica
|c 1979
|
| 300 |
|
|
|a 226 páginas:
|b ilu
|c 20 cm
|
| 336 |
|
|
|2 rdacontent
|a texto
|b txt
|
| 337 |
|
|
|2 rdamedia
|a no mediado
|b n
|
| 338 |
|
|
|2 rdacarrier
|a volumen
|b nc
|
| 490 |
|
|
|a Estudios y Ensayos
|n no. 60
|
| 504 |
|
|
|a incl. ref.
|
| 650 |
|
0 |
|9 26626
|a Juego infantil
|
| 650 |
|
0 |
|9 22238
|a Aprendizaje infantil
|
| 856 |
|
|
|u http://www.terras.edu.ar/biblioteca/6/TA_Vygotzky_Unidad_1.pdf
|
| 942 |
|
|
|c CR
|2 ddc
|0 1
|